Tratado de las leyes y de Dios legislador / (Record no. 115591)
[ view plain ]
| 000 -LEADER | |
|---|---|
| campo de control de longitud fija | 01702nam a2200265 i 4500 |
| 001 - NÚMERO DE CONTROL | |
| campo de control | 115591 |
| 003 - IDENTIFICADOR DE NÚMERO DE CONTROL | |
| campo de control | ES-MaACL |
| 005 - FECHA Y HORA DE LA ÚLTIMA TRANSACCIÓN | |
| campo de control | 20250809033903.0 |
| 007 - CAMPO FIJO DE DESCRIPCIÓN FÍSICA--INFORMACIÓN GENERAL | |
| campo de control de longitud fija | t| |
| 008 - DATOS DE LONGITUD FIJA--INFORMACIÓN GENERAL | |
| campo de control de longitud fija | 070320s19181921sp ||||1| spa d |
| 080 ## - NÚMERO DE LA CLASIFICACIÓN DECIMAL UNIVERSAL | |
| Número de la Clasificación Decimal Universal | 340.122(02)"15" |
| 080 ## - NÚMERO DE LA CLASIFICACIÓN DECIMAL UNIVERSAL | |
| Número de la Clasificación Decimal Universal | 348.1/.5(02)"15" |
| 100 1# - ENTRADA PRINCIPAL--NOMBRE DE PERSONA | |
| Nombre de persona | Suárez, Francisco. |
| 9 (RLIN) | 108560 |
| 245 10 - MENCIÓN DEL TÍTULO | |
| Título | Tratado de las leyes y de Dios legislador / |
| Mención de responsabilidad, etc. | por Francisco Suárez ; vertido al castellano por Jaime Torrubiano Ripoll. |
| 260 ## - PUBLICACIÓN, DISTRIBUCIÓN, ETC. | |
| Lugar de publicación, distribución, etc. | Madrid : |
| Nombre del editor, distribuidor, etc. | Reus, |
| Fecha de publicación, distribución, etc. | 1918-1921. |
| 300 ## - DESCRIPCIÓN FÍSICA | |
| Extensión | 11 v. ; |
| Dimensiones | 18 cm. |
| 490 1# - MENCIÓN DE SERIE | |
| Mención de serie | Clásicos jurídicos ; |
| Designación de volumen o secuencia | 1-11 |
| 505 8# - NOTA DE CONTENIDO CON FORMATO | |
| Nota de contenido con formato | Contiene: 1. De la ley en general y de su naturaleza, causas y efectos -- 2. De la ley eterna y de la natural y del derecho de gentes -- 3. De la ley positiva humana en sí misma y en cuanto puede considerarse en la pura naturaleza del hombre, la cual se llama también ley civil -- 4. De la ley positiva canónica -- 5. De la variedad de las leyes humanas y principalmente de las odiosas -- 6. De la interpretación, cesación y mudanza de las leyes humanas -- 7. De la ley no escrita que se llama costumbre -- 8. De la ley humana favorable o que concede privilegio (capítulos I-XXIII) -- 9. De la ley humana favorable o que concede privilegio(capítulos XXIV-XL) -- 10. De la ley divina positiva antigua (Libro IX, caps. I-XV) -- 11. De la ley divina positiva antigua (Libro IX, cap. XVI-XXII) ; De la ley nueva divina (Libro X, caps. I-VIII) |
| 650 17 - PUNTO DE ACCESO ADICIONAL DE MATERIA--TÉRMINO DE MATERIA | |
| Término de materia o nombre geográfico como elemento de entrada | Derecho natural |
| Fuente del encabezamiento o término | embne |
| 9 (RLIN) | 11744 |
| 650 17 - PUNTO DE ACCESO ADICIONAL DE MATERIA--TÉRMINO DE MATERIA | |
| Término de materia o nombre geográfico como elemento de entrada | Derecho canónico |
| Fuente del encabezamiento o término | embne |
| 9 (RLIN) | 11655 |
| 700 1# - ENTRADA AGREGADA--NOMBRE PERSONAL | |
| Nombre de persona | Torrubiano Ripoll, Jaime. |
| 9 (RLIN) | 111063 |
| 830 0# - PUNTO DE ACCESO ADICIONAL DE SERIE-TÍTULO UNIFORME | |
| Título uniforme | Clásicos jurídicos ; |
| Designación de volumen o secuencia | 1-11 |
| 9 (RLIN) | 186349 |
| 852 ## - LOCALIZACIÓN | |
| Ubicación | ES-MaACL |
| Número de control de estantería | C-5055-65 |
| Estatus retirado | Estado de pérdida | Estado de daño | No para préstamo | Biblioteca de origen | Biblioteca actual | Ubicación en estantería | Fecha de adquisición | Fuente de adquisición | Total de préstamos | Signatura topográfica completa | Código de barras | Visto por última vez | Precio de reemplazo | Tipo de ítem Koha |
|---|---|---|---|---|---|---|---|---|---|---|---|---|---|---|
| Biblioteca del Ateneo de Madrid | Biblioteca del Ateneo de Madrid | Sala Palomar | 17/01/2008 | C-5055-65 | 1120543 | 23/02/2023 | 23/02/2023 | Libro impreso |
